000 00568nam a2200205Ia 4500
005 20250508162809.0
008 008 250505s9999 xx 000 0 hin d
020 _a81-85484-12-0
037 _aTextual
040 _aFEDL
_beng
_cFEDL
041 _ahin
_2eng
084 _a155.8, VID
_qFEDL
100 _aVidhamankar Jagdees Prasad
_9774076
245 0 _aBhaartya manovigyan
260 _aNew Delhi, India
_bRadha Publications
_c1990
300 _aix,364p
650 _aChild psychology
942 _cTEXL
_h155.8, VID
999 _c1378736
_d1378736